书目信息 |
| 题名: |
机械基础
|
|
| 作者: | ;技工学校机械类通用教材编审委员会 编 | |
| 分册: | ||
| 出版信息: | 北京 机械工业出版社 1977 |
|
| 页数: | 246页 | |
| 开本: | 26cm | |
| 丛书名: | ||
| 单 册: | ||
| 中图分类: | TH11 | |
| 科图分类: | ||
| 主题词: | 机械学 | |
| 电子资源: | ||
| ISBN: | ||
| 000 | 00701nam0 2200229 45 | |
| 001 | 0177003295 | |
| 005 | 20060425153432.64 | |
| 010 | @dCNY1.10 | |
| 100 | @a19951018d1977 em y0chiy0121 ea | |
| 101 | 0 | @achi |
| 102 | @aCN@b110000 | |
| 105 | @ay z 000yy | |
| 200 | 10 | @a机械基础@Aji xie ji chu@f技工学校机械类通用教材编审委员会编@FJi Gong Xue Xiao Ji Xie Lei Tong Yong Jiao Cai Bian Shen Wei Yuan Hui Bian |
| 210 | @a北京@c机械工业出版社@d1977 | |
| 215 | @a246页@d26cm | |
| 300 | @a技工学校机械类通用教材 | |
| 606 | @a机械学 | |
| 690 | @aTH11@v3 | |
| 711 | 02 | @a技工学校机械类通用教材编审委员会@4编 |
| 801 | 2 | @aCN@bNLC@c20060425 |
| 801 | 0 | @aCN@b广东省中山图书馆@c20040524 |
| 905 | @dTH11@e11 | |
| 机械基础/技工学校机械类通用教材编审委员会编.-北京:机械工业出版社,1977 |
| 246页;26cm |
| 技工学校机械类通用教材 |
| ISBN :CNY1.10 |
| ● |
| 相关链接 |
|
|
|
|
正题名:机械基础
索取号:TH11/11
 
预约/预借
| 序号 | 登录号 | 条形码 | 馆藏地/架位号 | 状态 | 备注 |
| 1 | 0051003 | 001363786 | 第三借阅区/ [索取号:TH11/11] | 在馆 | |
| 2 | 0051004 | 001363740 | 密集书库/ [索取号:TH11/11] | 在馆 | |
| 3 | 0051005 | 202273217 | 密集书库/ [索取号:TH11/11] | 在馆 | |
| 4 | 0051006 | 202273208 | 密集书库/ [索取号:TH11/11] | 在馆 | |
| 5 | 0051007 | 001363704 | 第二样本阅览室/ [索取号:TH11/11] | 在馆 |